000 00442nam a2200145Ia 4500
008 211109s9999||||xx |||||||||||||| ||und||
082 _a894.8122
_bMAD-M
100 _aMadavoor Bhasi,
245 0 _aMalayala Nadaka Sarwaswam
260 _bChaithanya
_aThiruvananthapuram
_c1900
300 _a637p.
630 _xPOST GRADUATE REFERENCE
650 _aMalayalam literature
_vMalayalam drama
_xdramaLiterature & rhetoricGeneralia
942 _cBOOK
999 _c45320
_d45320